000 00479nam a2200181Ia 4500
001 884
005 20260306140551.0
008 260306t2007||||xx |||||||||||||| ||spa||
041 _aESP
082 _a171.7
_bO44
100 _aOlivé, León
_eAUT
245 0 _aLa ciencia y la tecnología en la sociedad del conocimiento :
_bética, política y epistemología
260 _c2007
300 _a238 páginas :
_ccm.
650 _aGEN
654 _aCHU
942 _cLIB
_dJUS
_fJUS
_2ddc
_n
999 _c884
_d884